000 006090000a22001810004500
003 MACL
005 20160320134915.0
008 160320b xxu||||| |||| 00| 0 eng d
040 _aMACL
_cMACL
041 _aHindi
082 _a100
100 _aनिर्भर हुकम सिंह
_947752
245 _aआधुनिक विज्ञान में भारतीय दर्शन्‍ा का सृष्टिवाद
260 _bशर्मा पब्लिशिंग
_c2004
_aजयपुर
350 _a225
650 _aPhilisophy
_947753
942 _cHIN
_k100
_2ddc
999 _c18627
_d18627